000 00452cam a2200181 4500
001 D7551
008 090401t1957 xxu||||| |||| 00| 0 eng d
035 _a(Sirsi) u7964
041 _aeng
050 _a333.3234
100 _aNewsom, George Harold
245 4 _aThe discharge and modification of restrictive covenants
260 _aLondon
_bSweet & Maxwell
_c1957
300 _alxv. 414p. 23cm
350 _a0
942 _n0
948 _c04/03/1997
999 _c86464
_d86464